Our cooperative education programme (Record no. 496976)

000 -LEADER
fixed length control field 00419cam a22001097a 4500
008 - FIXED-LENGTH DATA ELEMENTS--GENERAL INFORMATION
fixed length control field 180718b1962 xxu||||| |||| 00| 0 eng d
082 ## - DEWEY DECIMAL CLASSIFICATION NUMBER
Classification number T16x54 In2e
245 ## - TITLE STATEMENT
Title Our cooperative education programme
Statement of responsibility, etc. by Ministry of Community Development, Panchayati Raj & Cooperation
260 ## - PUBLICATION, DISTRIBUTION, ETC.
Place of publication, distribution, etc. Faridabad
Name of publisher, distributor, etc. Government of India
Date of publication, distribution, etc. 1962
300 ## - PHYSICAL DESCRIPTION
Extent 13p
700 ## - ADDED ENTRY--PERSONAL NAME
Personal name Haryana. Ministry of Community Development, Panchayati Raj & Cooperation
Holdings
Withdrawn status Lost status Damaged status Not for loan Permanent Location Current Location Date acquired Full call number Barcode Date last seen Price effective from Koha item type
        Indian Institute of Public Administration Indian Institute of Public Administration 2018-08-04 T16x54 In2e GG1876 2018-08-04 2018-08-04 GG

Powered by Koha